Gabriela: la rosa de papel

Guardat en:
Dades bibliogràfiques
Autor corporatiu: Fundación Pablo Neruda (Autor)
Format: Llibre
Idioma:espanyol
Publicat: Santiago Fundación Pablo Neruda 1995
Col·lecció:Cuadernos, 22
Matèries:
Etiquetes: Afegir etiqueta
Sense etiquetes, Sigues el primer a etiquetar aquest registre!

MARC

LEADER 00000cam a2200000 a 4500
001 UCG9350
003 CL-VaPUC
008 120309e19950000CL |||||||||||||||||spa|d
082 0 4 |a 928.61  |b FUN  |2 21 
110 2 |a Fundación Pablo Neruda  |e author  |9 560870 
245 1 0 |a Gabriela: la rosa de papel 
300 |a 79 p 
942 |c BK 
945 |d 20120309 00:00:00  |a dcastane 
260 |a Santiago  |b Fundación Pablo Neruda  |c 1995 
650 0 |a Poetas chilenos  |9 326722 
650 0 |a Biografías  |9 255210 
650 0 |a Literatura chilena   |9 308278 
650 0 |a Poesía chilena   |9 268403 
583 |a last modification  |c 20120316 10:24:00  |k Rodrigo Vera 
490 0 |a Cuadernos, 22 
999 |c 346907  |d 346905 
952 |0 0  |1 0  |4 0  |6 928_610000000000000_FUN_1995  |7 0  |8 A  |9 447850  |a BIBEDU  |b BIBEDU  |d 2019-11-22  |i 4837959  |o 928.61 FUN 1995  |p 4837959  |r 2019-11-22  |w 2019-11-22  |y BK  |k BME